| 000 | 00489nam a22001697a 4500 | ||
|---|---|---|---|
| 003 | SGT | ||
| 020 | _a9789354657498 | ||
| 082 |
_a616.1207 _bA22B |
||
| 100 | _aBOLOOR, ARCHITH | ||
| 245 | _aABC OF ECG FROM BASICCS TO BEDSIDE A MANUAL FOR STUDENTS AND PRACTITIONERS | ||
| 250 | _a1ST | ||
| 260 |
_aINDIA _bJAYPEE PUB _c2022 |
||
| 300 | _a264 | ||
| 650 | _aGENERAL MEDICINE | ||
| 653 | _aABC OF ECG FROM BASICCS TO BEDSIDE A MANUAL FOR STUDENTS AND PRACTITIONERS | ||
| 942 |
_2ddc _cBK _011 |
||
| 999 |
_c25458 _d25458 |
||